| 000 | 00672pab a2200229 454500 | ||
|---|---|---|---|
| 008 | 180718b2003 xxu||||| |||| 00| 0 eng d | ||
| 100 | _aBudds, Jessica | ||
| 245 | _aAre the debates on water privatization missing the point? Experiences from Africa, Asia and Latin America | ||
| 260 | _c2003 | ||
| 300 | _ap.87-113. | ||
| 362 | _aOct | ||
| 650 | _aPrivatization - Latin America | ||
| 650 | _aPrivatization - Africa | ||
| 650 | _aPrivatization - Asia | ||
| 650 | _aWater - Latin America | ||
| 650 | _aWater - Africa | ||
| 650 | _aWater - Asia | ||
| 650 | _aWater | ||
| 700 | _aMc Granahan, Gordon | ||
| 773 | _aEnvironment and Urbanization | ||
| 909 | _a58807 | ||
| 999 |
_c58807 _d58807 |
||